000 003900000a22001570004500
001 000075
003 MACL
040 _aMACL
090 _c75
_d75
100 _aKumar, Vinita
245 _aEconomic Growth And Rural Poverty
_bThe Indian Experience 1960-1995
_cVinita Kumar
260 _aConcept Publishing Company,
_c1997
350 _a400
650 _aSocial science
942 _k339
_cBook
999 _c49382
_d49382